00746nam a2200193 a 4500008004100000020000700041040002500048041001300073044000900086080001200095100002900107245013700136250001300273260006500286300002700351500012500378700002700503700002200530951213s1983||||[C 0 slo c c40 aSNKbslocSNKeAACR21 aslohslo a[CS] a885.4-21 aŠtepka, Stanislav4aut10aRadošinské naivné divadlobJánošík. Človečina. Slovenské tangocStanislav Štepka ; Svetozár Mydlo, Ivan Kusý a1., vyd. aBratislavabTatranc1983eBanská BystricafTlačiarne SNP a104 s., 9,79 AHc30 cm aIlustr. na tit. liste, front. a predsádkach. Nepredajné. Prémiová kniha pre členov Hviezdoslavovej knižnice.1 aMydlo, Svetozár4bkd1 aKusý, Ivan4oth